Σαμιακά πεπραγμένα

Αποθηκεύτηκε σε:
Λεπτομέρειες βιβλιογραφικής εγγραφής
Κύριος συγγραφέας: Κλουβάτος, Δημήτριος Κ.
Μορφή: Βιβλίο
Γλώσσα:Greek
Δημοσίευση: Καρλόβασι, Σάμου : [χ.ό.], 2006.
Θέματα:
Ετικέτες: Προσθήκη ετικέτας
Δεν υπάρχουν, Καταχωρήστε ετικέτα πρώτοι!

MARC

LEADER 00000cam a2200000 i 4500
001 1/11715
008 110125s1982 gr | ||| |||| ||gre||
035 |l 10109515 
040 |a GR-MyUA  |b gre  |e AACR2 
041 0 |a gre 
082 0 |a 634.80499  |2 (22) 
100 1 |a Κλουβάτος, Δημήτριος Κ. 
245 1 0 |a Σαμιακά πεπραγμένα /   |c Δημητρίου Κίμωνος Κλουβάτου.  
260 |a Καρλόβασι, Σάμου :   |b [χ.ό.],   |c 2006.  
300 |a 163 σ. ;   |c 25 εκ.  
505 0 |a Τ. 1. Η γεωργία της Σάμου -- Bιβλίο τρίτο. Το αμπέλι / κρασί της Σάμου.  
650 0 0 |a Wine and wine making  |z Greece  |z Samos (Municipality) 
650 0 0 |a Viticulture  |z Greece  |z Samos (Municipality) 
650 0 0 |a Wine tasting. 
852 |a INST  |b SAMOS  |e 20110125  |h 634.80499 ΚΛΟ  |p 005300033071  |q 005300033071  |t BK  |y 0 
852 |a INST  |b SAMOS  |e 20110125  |h 634.80499 ΚΛΟ  |p 005300033072  |q 005300033072  |t BK  |y 0 
901 |a BIBL3-2011-1 
909 |a Σ  |b 166237 
909 |a Σ  |b 166238 
970 |a ΓΟΥΒΑΛΑ  |b ΒΑΣΩ  |z 2011/01/25